[Event "III Festival A"]
[Site "Bisaccia ITA"]
[Date "2011.06.04"]
[Round "5"]
[White "Cannavacciuolo, Domenico"]
[Black "Festa, Salvatore"]
[Result "1/2-1/2"]
[WhiteElo "1448"]
[BlackElo "1650"]
[PlyCount "58"]
[EventDate "2011.06.02"]

1. e4 c6 2. a3 d5 3. exd5 cxd5 4. Bb5+ Bd7 5. Qe2 a6 6. Bd3 Nf6 7. b4 e6 8. Qf3
Be7 9. Ne2 Nc6 10. Bb2 O-O 11. Ng3 Ne8 12. Qh5 g6 13. Qh6 Bf6 14. Bxf6 Qxf6 15.
c3 Ne5 16. Qe3 Nxd3+ 17. Qxd3 Bb5 18. Qe3 Nd6 19. d3 Nf5 20. Qd2 Rac8 21. a4
Bc6 22. d4 b5 23. a5 Nd6 24. Na3 Rc7 25. h4 Nf5 26. Nxf5 Qxf5 27. Rh3 Qe4+ 28.
Qe3 Qxg2 29. O-O-O Qe4 1/2-1/2

[Event "III Festival A"]
[Site "Bisaccia ITA"]
[Date "2011.06.04"]
[Round "5"]
[White "Capone, Vincenzo"]
[Black "Di Rito, Giuseppe"]
[Result "0-1"]
[WhiteElo "2128"]
[BlackElo "1693"]
[PlyCount "72"]
[EventDate "2011.06.02"]

1. e4 c5 2. Nf3 e6 3. d3 Qc7 4. g3 a6 5. Bg2 b5 6. O-O Bb7 7. Re1 d6 8. c3 Nf6
9. Nbd2 Be7 10. d4 O-O 11. e5 dxe5 12. dxe5 Nfd7 13. Ne4 Bxe4 14. Rxe4 Nc6 15.
Bf4 Rad8 16. Qc2 Nb6 17. Rae1 Rd7 18. h4 Rfd8 19. Bg5 Bxg5 20. hxg5 Nc4 21. Rh4
g6 22. Qe4 Rd5 23. Rh6 N6xe5 24. Qh4 Rd1 25. Kh2 Nxf3+ 26. Bxf3 Rxe1 27. Rxh7
Kf8 28. Qh6+ Ke8 29. Qg7 Ne5 30. Bg2 Kd7 31. f4 Ng4+ 32. Kh3 Nf2+ 33. Kh2 Kc8
34. Bf3 Ne4 35. Bg4 Rd2+ 36. Kh3 Rh1# 0-1

[Event "III Festival A"]
[Site "Bisaccia ITA"]
[Date "2011.06.04"]
[Round "5"]
[White "Colucci, Stefano"]
[Black "Moscarino, Carlo"]
[Result "1-0"]
[WhiteElo "1925"]
[BlackElo "1622"]
[PlyCount "102"]
[EventDate "2011.06.02"]

1. d4 d5 2. Nf3 Nf6 3. c4 c6 4. Nc3 e6 5. e3 Bb4 6. a3 Ba5 7. Bd3 O-O 8. O-O
Bc7 9. Qc2 g6 10. e4 Nxe4 11. Nxe4 dxe4 12. Bxe4 f6 13. Bh6 f5 14. Bd3 Re8 15.
Rfe1 Nd7 16. Rad1 Nf6 17. b4 Ng4 18. Bg5 Qd6 19. g3 Qf8 20. Ne5 Nxe5 21. dxe5
Bd8 22. Qd2 Bxg5 23. Qxg5 Qe7 24. Qe3 b6 25. Bf1 Bb7 26. c5 Rad8 27. Rd6 Rd7
28. Red1 Red8 29. R1d4 Bc8 30. Bg2 Rxd6 31. exd6 Qe8 32. Qe5 Bd7 33. Bf1 b5 34.
h4 Qf7 35. Bd3 Qg7 36. f4 Qxe5 37. fxe5 h5 38. Bb1 Ra8 39. Rd2 a5 40. Ra2 axb4
41. axb4 Rxa2 42. Bxa2 Kg7 43. Kf2 Kh6 44. Ke3 g5 45. hxg5+ Kxg5 46. Kf3 Bc8
47. Bb1 Bd7 48. Bd3 Bc8 49. Bxb5 Bd7 50. Ba6 f4 51. gxf4+ Kf5 1-0

[Event "III Festival A"]
[Site "Bisaccia ITA"]
[Date "2011.06.04"]
[Round "5"]
[White "Consalvo, Gerardo"]
[Black "Cipollaro, Giovanni"]
[Result "1-0"]
[WhiteElo "2004"]
[BlackElo "1840"]
[PlyCount "49"]
[EventDate "2011.06.02"]

1. d4 d6 2. e4 Nf6 3. Nc3 e5 4. Nf3 Nbd7 5. g4 Nxg4 6. Rg1 Ngf6 7. Bc4 exd4 8.
Qxd4 Ne5 9. Nxe5 dxe5 10. Bxf7+ Ke7 11. Qc4 Qd4 12. Qb3 Qb6 13. Be3 Qxb3 14.
Bxb3 Be6 15. Bc5+ Kf7 16. Bxe6+ Kxe6 17. Bxf8 Raxf8 18. Rxg7 Rf7 19. Rxf7 Kxf7
20. f3 Nh5 21. Kf2 Nf4 22. Ne2 Ne6 23. Rd1 Ke7 24. Ng3 Rf8 25. Nf5+ 1-0

[Event "III Festival A"]
[Site "Bisaccia ITA"]
[Date "2011.06.04"]
[Round "5"]
[White "D'Aquino, Ugo"]
[Black "Santeramo, Domenico"]
[Result "0-1"]
[WhiteElo "1941"]
[BlackElo "1994"]
[PlyCount "42"]
[EventDate "2011.06.02"]

1. e4 e6 2. d4 d5 3. exd5 exd5 4. Bd3 Bd6 5. Ne2 Qh4 6. Ng3 Ne7 7. c3 O-O 8.
Nd2 Bg4 9. Nf3 Qf6 10. Bxh7+ Kxh7 11. Ng5+ Qxg5 12. Bxg5 Bxd1 13. Rxd1 f6 14.
Be3 Nd7 15. Kd2 f5 16. f4 Nf6 17. a3 Ng6 18. Rhf1 Rae8 19. Ne2 Re6 20. Rfe1
Rfe8 21. Ng1 Nxf4 0-1

[Event "III Festival A"]
[Site "Bisaccia ITA"]
[Date "2011.06.04"]
[Round "5"]
[White "Di Lascio, Savino"]
[Black "Franciosi, Fausto"]
[Result "0-1"]
[WhiteElo "1976"]
[BlackElo "2054"]
[PlyCount "54"]
[EventDate "2011.06.02"]

1. Nf3 Nf6 2. g3 g6 3. b4 Bg7 4. Bb2 O-O 5. Bg2 d6 6. O-O e5 7. d3 Re8 8. Nbd2
Nbd7 9. c4 Nh5 10. e4 c6 11. a4 a5 12. b5 Nhf6 13. d4 exd4 14. bxc6 bxc6 15.
Nxd4 Ne5 16. Qc2 Ba6 17. Rfe1 Rb8 18. Rab1 Nfg4 19. h3 Nxf2 20. Kxf2 Rxb2 21.
Qxb2 Nd3+ 22. Ke3 Nxb2 23. Rxb2 Bxd4+ 24. Kxd4 Qf6+ 25. e5 Rxe5 26. Rf1 Rf5+
27. Ke3 Qxb2 0-1

[Event "III Festival A"]
[Site "Bisaccia ITA"]
[Date "2011.06.04"]
[Round "5"]
[White "Fezza, Davide"]
[Black "Borino, Paolo"]
[Result "1/2-1/2"]
[WhiteElo "2141"]
[BlackElo "1913"]
[PlyCount "53"]
[EventDate "2011.06.02"]

1. e4 d6 2. d4 Nf6 3. Nc3 c6 4. f4 Qa5 5. e5 Nd5 6. Qf3 e6 7. Bd2 Qb6 8. O-O-O
a5 9. exd6 Bxd6 10. Ne4 Be7 11. c4 Nf6 12. Nxf6+ Bxf6 13. Bc3 Na6 14. g4 Nb4
15. Kb1 O-O 16. a3 Rd8 17. c5 Qa7 18. g5 Be7 19. axb4 axb4 20. Bxb4 Qa4 21. Ba3
b5 22. Bd3 b4 23. Bc2 Qa5 24. Ne2 bxa3 25. b3 a2+ 26. Ka1 Ba6 27. Nc3 1/2-1/2

[Event "III Festival A"]
[Site "Bisaccia ITA"]
[Date "2011.06.04"]
[Round "5"]
[White "Fiore, Mario"]
[Black "Dragojlovic, Andjelko"]
[Result "1-0"]
[WhiteElo "2232"]
[BlackElo "2367"]
[PlyCount "63"]
[EventDate "2011.06.02"]

1. e4 c5 2. Nf3 g6 3. d4 cxd4 4. Qxd4 Nf6 5. e5 Nc6 6. Qa4 Nd5 7. c4 Nc7 8. Bf4
Ne6 9. Bg3 Qb6 10. Qc2 Bg7 11. Nc3 Qa5 12. O-O-O a6 13. a3 O-O 14. Rd5 b5 15.
cxb5 axb5 16. Bxb5 Qa7 17. Bc4 Ba6 18. Bxa6 Qxa6 19. Qd3 Qb6 20. Qb5 Qc7 21.
Rhd1 Rfb8 22. Qc4 Bh6+ 23. Kb1 Qa7 24. Rb5 Na5 25. Qb4 Nc6 26. Qc4 Na5 27. Qb4
Nc7 28. Rxd7 Nc6 29. Rxb8+ Rxb8 30. Qa4 Qb6 31. b4 e6 32. Rd6 1-0

[Event "III Festival A"]
[Site "Bisaccia ITA"]
[Date "2011.06.04"]
[Round "5"]
[White "Franciosi, Claudio"]
[Black "Vargiu, Antonio"]
[Result "1-0"]
[WhiteElo "1710"]
[BlackElo "1841"]
[PlyCount "105"]
[EventDate "2011.06.02"]

1. e4 e6 2. d4 d5 3. Nc3 Bb4 4. e5 c5 5. a3 Bxc3+ 6. bxc3 Ne7 7. Nf3 Nbc6 8.
Bb5 Bd7 9. a4 Qa5 10. Bd2 a6 11. c4 Qc7 12. Bxc6 Bxc6 13. cxd5 Bxd5 14. dxc5
Qxc5 15. O-O O-O 16. Be3 Qc7 17. Rc1 Ng6 18. Bd4 Rad8 19. c3 Bc6 20. Re1 Rd7
21. Ng5 h6 22. Nf3 Qa5 23. Ra1 Rfd8 24. Re3 Qd5 25. Qe2 Nf4 26. Qd1 Qc4 27. Nd2
Qd5 28. f3 Qa5 29. Nc4 Qc7 30. Nd6 Nd5 31. Re1 Nf4 32. a5 Qb8 33. Qc2 Rf8 34.
Qd2 Ng6 35. c4 Qd8 36. c5 Qh4 37. Bf2 Qh5 38. Ra3 Ne7 39. f4 Nf5 40. Qe2 Qg6
41. g4 Ne7 42. Rg3 Nd5 43. f5 exf5 44. gxf5 Qh7 45. Qg4 g5 46. Be3 Nxe3 47.
Rexe3 Kh8 48. Rh3 Kg8 49. Rh5 Re7 50. Rhh3 Rxe5 51. Qxg5+ Kh8 52. Rh5 Rg8 53.
Nxf7+ 1-0

[Event "III Festival A"]
[Site "Bisaccia ITA"]
[Date "2011.06.04"]
[Round "5"]
[White "Gromovs, Sergejs"]
[Black "Cocozza, Mario"]
[Result "1-0"]
[WhiteElo "2311"]
[BlackElo "2345"]
[PlyCount "99"]
[EventDate "2011.06.02"]

1. d4 Nf6 2. Nf3 g6 3. c4 Bg7 4. Nc3 d5 5. cxd5 Nxd5 6. e4 Nxc3 7. bxc3 c5 8.
Rb1 O-O 9. Be2 Nc6 10. d5 Ne5 11. Nxe5 Bxe5 12. Qd2 e6 13. f4 Bc7 14. O-O exd5
15. exd5 Ba5 16. f5 Bxf5 17. Rxb7 Qf6 18. Rf3 Rfe8 19. Bf1 Qe5 20. g4 Be4 21.
Rfxf7 Bxc3 22. Qh6 Bd4+ 23. Be3 Bxe3+ 24. Qxe3 Bxd5 25. Rg7+ Qxg7 26. Rxg7+
Kxg7 27. Qc3+ Kg8 28. Bc4 Rad8 29. Kf2 Re4 30. Bxd5+ Rxd5 31. Qb3 Red4 32. Qb8+
Rd8 33. Qxa7 c4 34. Qc7 Ra8 35. Ke3 Rd3+ 36. Kf4 Rd4+ 37. Kg5 Rad8 38. a4 R8d7
39. Qb8+ Rd8 40. Qb7 R8d7 41. Qc6 R7d6 42. Qe8+ Kg7 43. Qe7+ Kg8 44. Kh4 g5+
45. Kh5 R4d5 46. Qc7 Rd4 47. a5 Rd7 48. Qb8+ Kf7 49. a6 Rd8 50. a7 1-0

[Event "III Festival A"]
[Site "Bisaccia ITA"]
[Date "2011.06.04"]
[Round "5"]
[White "Luongo, Antonio"]
[Black "Zinnai, Graziano Matteo"]
[Result "0-1"]
[WhiteElo "1598"]
[BlackElo "1836"]
[PlyCount "100"]
[EventDate "2011.06.02"]

1. d4 c6 2. Nf3 d5 3. c4 Nf6 4. Nc3 e6 5. Bg5 Nbd7 6. e3 Be7 7. cxd5 exd5 8.
Be2 h6 9. Bxf6 Nxf6 10. O-O O-O 11. Qb3 Qb6 12. Qxb6 axb6 13. a3 Bf5 14. Ne5 c5
15. dxc5 bxc5 16. Rfd1 Rfd8 17. Nb5 g5 18. Rac1 b6 19. Nc6 Rd7 20. Nxe7+ Rxe7
21. Bf3 Rd8 22. h3 Be4 23. Bxe4 Nxe4 24. Nc3 Nxc3 25. Rxc3 d4 26. exd4 cxd4 27.
Rcd3 Red7 28. Rc1 f5 29. Rc6 Rd6 30. Rxd6 Rxd6 31. a4 Kf7 32. b4 Ke6 33. a5 b5
34. a6 Rxa6 35. Rxd4 Rd6 36. Rxd6+ Kxd6 37. f4 gxf4 38. Kf2 Kd5 39. Kf3 Ke5 40.
Kf2 Ke4 41. Ke2 h5 42. h4 Kd4 43. Kf3 Kc4 44. Kxf4 Kxb4 45. Kxf5 Kc5 46. Ke4
Kc4 47. Ke3 b4 48. Kd2 Kd4 49. g4 hxg4 50. h5 Ke5 0-1

[Event "III Festival A"]
[Site "Bisaccia ITA"]
[Date "2011.06.04"]
[Round "5"]
[White "Messina, Enrico"]
[Black "Altini, Ruggiero"]
[Result "1-0"]
[WhiteElo "2127"]
[BlackElo "1774"]
[PlyCount "34"]
[EventDate "2011.06.02"]

1. e4 c5 2. Nf3 e6 3. b4 cxb4 4. a3 bxa3 5. Nxa3 Nf6 6. e5 Nd5 7. c4 Nc7 8. d4
d5 9. Bd3 Be7 10. O-O O-O 11. Qe2 Nc6 12. c5 Nb4 13. Bb1 b6 14. Qb2 bxc5 15.
dxc5 Bxc5 16. Nc2 a5 17. Nxb4 Bxb4 1-0

[Event "III Festival A"]
[Site "Bisaccia ITA"]
[Date "2011.06.04"]
[Round "5"]
[White "Pelyushenko, Vladyslav"]
[Black "Crafa, Carmine"]
[Result "0-1"]
[WhiteElo "1800"]
[BlackElo "1803"]
[PlyCount "68"]
[EventDate "2011.06.02"]

1. d4 d5 2. Nf3 Nf6 3. c4 dxc4 4. Nc3 a6 5. a4 e6 6. e3 Nc6 7. Bxc4 Bb4 8. O-O
O-O 9. Qc2 Re8 10. b3 Qe7 11. Bb2 b6 12. Rad1 Bb7 13. d5 exd5 14. Nxd5 Nxd5 15.
Bxd5 Na5 16. Bxb7 Nxb7 17. Rd4 Rad8 18. Rfd1 Rxd4 19. Rxd4 Rd8 20. Qd1 Bc5 21.
Rxd8+ Qxd8 22. Qxd8+ Nxd8 23. Bc3 Nc6 24. Kf1 f6 25. Ke2 Kf7 26. Nd4 Nxd4+ 27.
Bxd4 Bd6 28. g3 Ke6 29. f4 Kd5 30. Kd3 f5 31. b4 b5 32. axb5 axb5 33. Bb2 Bxb4
34. h3 h5 0-1

[Event "III Festival A"]
[Site "Bisaccia ITA"]
[Date "2011.06.04"]
[Round "5"]
[White "Sellitti, Luca"]
[Black "Buiano, Fabio"]
[Result "1-0"]
[WhiteElo "1971"]
[BlackElo "2108"]
[PlyCount "87"]
[EventDate "2011.06.02"]

1. e4 c5 2. Nc3 Nc6 3. f4 e6 4. Nf3 Nge7 5. Bb5 a6 6. Bxc6 Nxc6 7. O-O d5 8. d3
Be7 9. Kh1 O-O 10. Ne5 f5 11. exf5 exf5 12. Ne2 Bf6 13. Nxc6 bxc6 14. c3 Re8
15. Re1 a5 16. Bd2 Ba6 17. Qc2 Qd7 18. Ng1 Qf7 19. Nf3 Qh5 20. d4 Be2 21. Ne5
Bh4 22. Be3 Bxe1 23. Rxe1 Ba6 24. dxc5 Re6 25. Qb3 Rae8 26. Qb6 Bd3 27. Qxa5
Be4 28. Bd4 Rh6 29. Bg1 Qh4 30. Rf1 g5 31. Qc7 Rf8 32. fxg5 Qxg5 33. Nf3 Qg4
34. Qe5 Rg6 35. Qg3 Rh6 36. Qf2 Re8 37. Nd2 Bd3 38. Re1 Rhe6 39. h3 Qh5 40.
Rxe6 Rxe6 41. Qg3+ Kf7 42. Qxd3 Re1 43. Nf3 Re4 44. b4 1-0

[Event "III Festival A"]
[Site "Bisaccia ITA"]
[Date "2011.06.04"]
[Round "5"]
[White "Stromboli, Carlo"]
[Black "Mazza, Daniele"]
[Result "1-0"]
[WhiteElo "2306"]
[BlackElo "1823"]
[PlyCount "63"]
[EventDate "2011.06.02"]

1. e4 c5 2. Nf3 d6 3. d4 cxd4 4. Nxd4 Nf6 5. Nc3 a6 6. Be3 e5 7. Nb3 Be6 8. f3
Be7 9. Qd2 O-O 10. O-O-O b5 11. Nd5 Nxd5 12. exd5 Bf5 13. g4 Bg6 14. Kb1 Nd7
15. Na5 Nc5 16. h4 h6 17. g5 h5 18. Bxc5 dxc5 19. d6 Bxd6 20. Nc6 Qd7 21. Qxd6
Qxd6 22. Rxd6 Rfe8 23. Bh3 a5 24. Bd7 Rf8 25. Re1 Kh8 26. Rxe5 Ra6 27. f4 Rd8
28. f5 Rxc6 29. Rxc6 Rxd7 30. Rc8+ Kh7 31. fxg6+ Kxg6 32. a4 1-0

[Event "III Festival A"]
[Site "Bisaccia ITA"]
[Date "2011.06.04"]
[Round "5"]
[White "Vena, Alessio"]
[Black "Vena, Antonio"]
[Result "1/2-1/2"]
[WhiteElo "1899"]
[BlackElo "1774"]
[PlyCount "21"]
[EventDate "2011.06.02"]

1. e4 c6 2. d4 d5 3. Nd2 dxe4 4. Nxe4 Nf6 5. Nxf6+ exf6 6. Nf3 Bd6 7. Be2 O-O
8. O-O Be6 9. c3 Nd7 10. Re1 Nb6 11. Be3 1/2-1/2

[Event "III Festival A"]
[Site "Bisaccia ITA"]
[Date "2011.06.05"]
[Round "6"]
[White "Altini, Ruggiero"]
[Black "Vena, Alessio"]
[Result "1-0"]
[WhiteElo "1774"]
[BlackElo "1899"]
[PlyCount "65"]
[EventDate "2011.06.02"]

1. e4 e5 2. Nf3 Nc6 3. Bc4 Bc5 4. b4 Bxb4 5. c3 Ba5 6. d4 d6 7. Qb3 Qd7 8. dxe5
Bb6 9. O-O Na5 10. Qb4 Nxc4 11. Qxc4 dxe5 12. Nxe5 Qe6 13. Qa4+ c6 14. Nf3 Bd7
15. Bf4 c5 16. Qc2 Ne7 17. Rd1 O-O-O 18. Ne5 Bb5 19. Na3 Ba6 20. Qa4 Ng6 21.
Nxg6 hxg6 22. Nc2 Qg4 23. Bd6 Bc7 24. f3 Qh4 25. Bxc7 Kxc7 26. Qa5+ Kb8 27.
Rxd8+ Rxd8 28. Qxc5 Qf4 29. Nb4 Be2 30. Nd5 Qe5 31. Rb1 Rh8 32. f4 Qxd5 33.
Qxd5 1-0

[Event "III Festival A"]
[Site "Bisaccia ITA"]
[Date "2011.06.05"]
[Round "6"]
[White "Borino, Paolo"]
[Black "Fiore, Antonio"]
[Result "1-0"]
[WhiteElo "1913"]
[BlackElo "1742"]
[PlyCount "64"]
[EventDate "2011.06.02"]

1. f4 d5 2. b3 Nf6 3. Bb2 c5 4. e3 g6 5. Nf3 Bg7 6. Bb5+ Bd7 7. Bxd7+ Nbxd7 8.
O-O O-O 9. Nc3 Ne4 10. Na4 b5 11. Bxg7 Kxg7 12. Nb2 b4 13. Qe1 Ndf6 14. Nd3 a5
15. Nde5 Qc7 16. d3 Nc3 17. Qh4 a4 18. g4 Ra6 19. Ng5 e6 20. bxa4 h6 21. Ngxf7
Rxf7 22. Nxf7 Qxf7 23. a3 Rxa4 24. axb4 Rxa1 25. Rxa1 cxb4 26. g5 Nh5 27. Ra8
d4 28. gxh6+ Kxh6 29. Qg5+ Kh7 30. Qd8 Qg7 31. Rc8 Nd5 32. e4 Ndxf4 1-0

[Event "III Festival A"]
[Site "Bisaccia ITA"]
[Date "2011.06.05"]
[Round "6"]
[White "Buiano, Fabio"]
[Black "Santeramo, Alessia Carmen"]
[Result "1/2-1/2"]
[WhiteElo "2108"]
[BlackElo "1667"]
[PlyCount "72"]
[EventDate "2011.06.02"]

1. e4 c5 2. Nc3 e6 3. f4 a6 4. Nf3 Qc7 5. d4 cxd4 6. Nxd4 b5 7. Bd3 Bb7 8. Qe2
Be7 9. Be3 Nf6 10. e5 Nd5 11. Nxd5 Bxd5 12. O-O d6 13. exd6 Bxd6 14. Rad1 Nd7
15. Bxb5 axb5 16. Nxb5 Qc6 17. Rxd5 exd5 18. Bc5+ Be5 19. Ba3 Qb6+ 20. Kh1
O-O-O 21. fxe5 Nxe5 22. Qxe5 Qxb5 23. Rxf7 Rd7 24. Qe6 Rhd8 25. h3 Kb8 26. Rf3
Rb7 27. Bd6+ Ka8 28. Be5 Qd7 29. Ra3+ Ra7 30. Rxa7+ Kxa7 31. Bd4+ Kb7 32. Qb6+
Kc8 33. Bc5 Qb7 34. Qe6+ Qd7 35. Qb6 Qb7 36. Qxb7+ Kxb7 1/2-1/2

[Event "III Festival A"]
[Site "Bisaccia ITA"]
[Date "2011.06.05"]
[Round "6"]
[White "Cipollaro, Giovanni"]
[Black "Fezza, Davide"]
[Result "0-1"]
[WhiteElo "1840"]
[BlackElo "2141"]
[PlyCount "46"]
[EventDate "2011.06.02"]

1. d4 Nf6 2. Nf3 g6 3. Nbd2 d5 4. e3 Bg7 5. Bd3 O-O 6. O-O c5 7. dxc5 Qc7 8. e4
Nbd7 9. exd5 Nxd5 10. c3 Nxc5 11. Bc2 Rd8 12. Qe2 b6 13. Rd1 Ba6 14. c4 Nf4 15.
Qf1 Rd7 16. Rb1 Ncd3 17. g3 Nxf2 18. gxf4 Nxd1 19. Bxd1 Qxf4 20. b4 Rad8 21.
Be2 Bc3 22. Nb3 Qg4+ 23. Qg2 Qf5 0-1

[Event "III Festival A"]
[Site "Bisaccia ITA"]
[Date "2011.06.05"]
[Round "6"]
[White "Cocozza, Mario"]
[Black "Messina, Enrico"]
[Result "1-0"]
[WhiteElo "2345"]
[BlackElo "2127"]
[PlyCount "69"]
[EventDate "2011.06.02"]

1. e4 c5 2. Nf3 d6 3. d4 cxd4 4. Nxd4 Nf6 5. Nc3 g6 6. f4 Nc6 7. Nxc6 bxc6 8.
e5 Nd7 9. exd6 exd6 10. Be3 Be7 11. Qd2 O-O 12. O-O-O Nf6 13. h3 d5 14. a3 Re8
15. Bf2 Qa5 16. Qd4 Be6 17. g3 Reb8 18. Qa4 Qxa4 19. Nxa4 Ne4 20. Be1 Bf6 21.
Bg2 Nd6 22. b3 Nb5 23. Bb4 Nd4 24. Rhe1 Bf5 25. Rd2 a5 26. Bc5 Nxb3+ 27. cxb3
Rxb3 28. Rde2 Bc3 29. Re8+ Rxe8 30. Rxe8+ Kg7 31. Bf8+ Kf6 32. Be7+ Kg7 33.
Bf8+ Kf6 34. Be7+ Ke6 35. Nc5# 1-0

[Event "III Festival A"]
[Site "Bisaccia ITA"]
[Date "2011.06.05"]
[Round "6"]
[White "Coico, Pompeo"]
[Black "Luongo, Antonio"]
[Result "1-0"]
[WhiteElo "1608"]
[BlackElo "1598"]
[PlyCount "103"]
[EventDate "2011.06.02"]

1. b3 e5 2. Bb2 Nc6 3. e3 Bc5 4. Nf3 d6 5. d4 Bb4+ 6. Nbd2 exd4 7. exd4 Nf6 8.
Bb5 Bd7 9. Qe2+ Qe7 10. Qxe7+ Nxe7 11. Bxd7+ Kxd7 12. O-O-O Nfd5 13. a3 Bc3 14.
Ne4 Bxb2+ 15. Kxb2 h6 16. c4 Nf4 17. g3 Nh3 18. Rd2 f5 19. Nc3 a6 20. Re1 Rae8
21. Rde2 Ng6 22. Kc2 Rxe2+ 23. Rxe2 Re8 24. Kd2 Rxe2+ 25. Kxe2 Nf8 26. d5 Ng6
27. Nd4 Ne5 28. Nxf5 Ng4 29. Nxg7 Ngxf2 30. Kf3 Nd3 31. Kg4 Ng5 32. Nf5 Nf7 33.
Kh5 Nde5 34. h3 Ng5 35. h4 Ngf3 36. Kxh6 Nd2 37. Kg7 Nxb3 38. h5 Ng4 39. h6
Nxh6 40. Kxh6 Nd2 41. Ne3 Ke8 42. Kg6 Kf8 43. g4 Nf3 44. Kf6 Ne5 45. g5 Nd7+
46. Kf5 Kg7 47. Ne4 Nc5 48. Nf6 Kf7 49. Nfg4 Nd7 50. g6+ Kg7 51. Kg5 c5 52.
Nf5+ 1-0

[Event "III Festival A"]
[Site "Bisaccia ITA"]
[Date "2011.06.05"]
[Round "6"]
[White "Consalvo, Gerardo"]
[Black "Altini, Daniele"]
[Result "0-1"]
[WhiteElo "2004"]
[BlackElo "2256"]
[PlyCount "57"]
[EventDate "2011.06.02"]

1. e4 Nc6 2. Nf3 g6 3. d4 Bg7 4. c3 d6 5. Bd3 e5 6. dxe5 dxe5 7. O-O Nf6 8. Bg5
h6 9. Bxf6 Qxf6 10. Nbd2 O-O 11. Qc2 Qe7 12. Nc4 Nd8 13. Na3 c6 14. b4 Ne6 15.
Rfd1 Nf4 16. Bf1 f5 17. Nc4 b5 18. Nd6 Be6 19. c4 Rad8 20. c5 fxe4 21. Nxe4 Bd5
22. g3 Ne6 23. Bg2 Rf7 24. Re1 Rdf8 25. Nh4 Nd4 26. Qd2 Qe6 27. Nd6 Rxf2 28.
Qxf2 Rxf2 29. Kxf2 0-1

[Event "III Festival A"]
[Site "Bisaccia ITA"]
[Date "2011.06.05"]
[Round "6"]
[White "Crafa, Carmine"]
[Black "D'Aquino, Ugo"]
[Result "1-0"]
[WhiteElo "1803"]
[BlackElo "1941"]
[PlyCount "89"]
[EventDate "2011.06.02"]

1. e4 c5 2. Nf3 Nc6 3. d4 cxd4 4. Nxd4 Nf6 5. Nc3 e6 6. Ndb5 d6 7. Bf4 e5 8.
Bg5 a6 9. Na3 b5 10. Bxf6 gxf6 11. Nd5 f5 12. c3 Bg7 13. exf5 Bxf5 14. Nc2 O-O
15. Nce3 Be6 16. a4 b4 17. cxb4 f5 18. b5 axb5 19. Bxb5 Nd4 20. Nc3 Qg5 21. Bd3
d5 22. h4 Qg6 23. h5 Qg5 24. h6 Bxh6 25. Qh5 Qxh5 26. Rxh5 Bxe3 27. fxe3 e4 28.
exd4 exd3 29. Kd2 Rfb8 30. Rb1 Ra7 31. Rh6 Bf7 32. b4 Rc7 33. b5 Rcc8 34. Rb3
Rc4 35. Rh4 Bg6 36. Rf4 Re8 37. Kxd3 Bh5 38. Rb2 Rec8 39. Nxd5 Kg7 40. Rxf5 Bg6
41. Ne7 Rc3+ 42. Kd2 Bxf5 43. Nxf5+ Kf6 44. Nd6 R3c4 45. Ne4+ 1-0

[Event "III Festival A"]
[Site "Bisaccia ITA"]
[Date "2011.06.05"]
[Round "6"]
[White "Dragojlovic, Andjelko"]
[Black "Sellitti, Luca"]
[Result "1-0"]
[WhiteElo "2367"]
[BlackElo "1971"]
[PlyCount "79"]
[EventDate "2011.06.02"]

1. Nf3 Nc6 2. g3 e5 3. d3 d5 4. Bg2 Nf6 5. O-O Be7 6. c3 O-O 7. b4 Bg4 8. b5 e4
9. bxc6 exf3 10. exf3 Bc8 11. cxb7 Bxb7 12. Nd2 d4 13. c4 Nd7 14. Re1 f5 15.
Rb1 Rb8 16. Qe2 Bd6 17. Nb3 Ba8 18. Bd2 Qf6 19. f4 Bxg2 20. Kxg2 Rfe8 21. Qf3
Kh8 22. Qd5 c5 23. Qc6 Red8 24. Ba5 Nb6 25. Bxb6 Rxb6 26. Re8+ Rxe8 27. Qxe8+
Qf8 28. Re1 g6 29. Qxf8+ Bxf8 30. Re8 Kg7 31. Rc8 Ra6 32. Nxc5 Bxc5 33. Rxc5
Rxa2 34. Rd5 a5 35. Rxd4 a4 36. Rd7+ Kf6 37. Rxh7 Rd2 38. Ra7 Rxd3 39. Rxa4 Rc3
40. Ra6+ 1-0

[Event "III Festival A"]
[Site "Bisaccia ITA"]
[Date "2011.06.05"]
[Round "6"]
[White "Festa, Salvatore"]
[Black "Vargiu, Antonio"]
[Result "1/2-1/2"]
[WhiteElo "1650"]
[BlackElo "1841"]
[PlyCount "82"]
[EventDate "2011.06.02"]

1. d4 e6 2. c4 d5 3. Nc3 c6 4. e3 Nf6 5. Nf3 Bd6 6. Be2 O-O 7. O-O Nbd7 8. c5
Bc7 9. b4 e5 10. b5 e4 11. Nd2 Re8 12. bxc6 bxc6 13. Qa4 Nf8 14. Rb1 a5 15. Nb3
Qd7 16. Bd2 Ba6 17. Rb2 Qe6 18. Bxa6 Rxa6 19. Ne2 N8d7 20. Rfb1 Qg4 21. Nbc1
Qf5 22. h3 g5 23. Rb7 Rb8 24. Ng3 Qe6 25. Qd1 Raa8 26. Nh5 Bd8 27. Nxf6+ Bxf6
28. Ne2 Rxb7 29. Rxb7 Bd8 30. Ng3 Nf6 31. Nh5 Qc8 32. Nxf6+ Bxf6 33. Qb3 Bd8
34. a4 Bc7 35. Be1 Kg7 36. Qb1 h6 37. Rb2 Qd8 38. Qd1 Rb8 39. Qb1 Ra8 40. Qd1
Qc8 41. Bd2 Rb8 1/2-1/2

[Event "III Festival A"]
[Site "Bisaccia ITA"]
[Date "2011.06.05"]
[Round "6"]
[White "Franciosi, Fausto"]
[Black "Laketic, Gojko"]
[Result "0-1"]
[WhiteElo "2054"]
[BlackElo "2442"]
[PlyCount "48"]
[EventDate "2011.06.02"]

1. c4 b6 2. d4 Bb7 3. Nf3 e6 4. a3 Nf6 5. Nc3 d5 6. Bg5 dxc4 7. e3 h6 8. Bh4
Nbd7 9. Bxc4 Be7 10. O-O O-O 11. Rc1 c5 12. Qe2 Ne4 13. Bxe7 Qxe7 14. Rfd1 Rad8
15. d5 Nxc3 16. Rxc3 exd5 17. Bxd5 Bxd5 18. Rxd5 Nf6 19. Rxd8 Rxd8 20. Rd3 Re8
21. Rd1 Qb7 22. a4 a6 23. Rc1 b5 24. axb5 axb5 0-1

[Event "III Festival A"]
[Site "Bisaccia ITA"]
[Date "2011.06.05"]
[Round "6"]
[White "Kizov, Atanas"]
[Black "Gromovs, Sergejs"]
[Result "1-0"]
[WhiteElo "2392"]
[BlackElo "2311"]
[PlyCount "57"]
[EventDate "2011.06.02"]

1. d4 Nf6 2. c4 c5 3. d5 e6 4. Nc3 exd5 5. cxd5 g6 6. e4 d6 7. h3 Bg7 8. Bd3
O-O 9. Bg5 Qa5 10. Bd2 a6 11. a4 Qc7 12. Nf3 c4 13. Bc2 Nbd7 14. O-O Re8 15.
Re1 Nc5 16. Bf4 Nfd7 17. Qe2 Nb3 18. Bxb3 cxb3 19. Rac1 Nc5 20. Qc4 Bd7 21. Nd4
Qb6 22. a5 Qxa5 23. Bxd6 Rac8 24. Nxb3 Nxb3 25. Qxb3 b5 26. e5 Rc4 27. Ra1 Qb6
28. Qa2 Bc8 29. Ne4 1-0

[Event "III Festival A"]
[Site "Bisaccia ITA"]
[Date "2011.06.05"]
[Round "6"]
[White "Lazic, Miroljub"]
[Black "Fiore, Mario"]
[Result "1-0"]
[WhiteElo "2471"]
[BlackElo "2232"]
[PlyCount "36"]
[EventDate "2011.06.02"]

1. g3 e5 2. c4 Nc6 3. Bg2 f5 4. Nc3 Nf6 5. d3 Bb4 6. Bd2 O-O 7. e3 Bxc3 8. Bxc3
f4 9. exf4 exf4 10. Ne2 fxg3 11. hxg3 d5 12. cxd5 Nxd5 13. Be4 Nxc3 14. Bxh7+
Kf7 15. Nxc3 Qg5 16. Ne4 Qa5+ 17. Kf1 Nd4 18. Rc1 Ne6 1-0

[Event "III Festival A"]
[Site "Bisaccia ITA"]
[Date "2011.06.05"]
[Round "6"]
[White "Mazza, Daniele"]
[Black "Di Rito, Giuseppe"]
[Result "1-0"]
[WhiteElo "1823"]
[BlackElo "1693"]
[PlyCount "87"]
[EventDate "2011.06.02"]

1. d4 Nf6 2. c4 g6 3. Nc3 d5 4. Nf3 Bg7 5. Qb3 e6 6. Bg5 dxc4 7. Qxc4 c6 8. e4
Qa5 9. b4 Qb6 10. Bd3 a6 11. O-O O-O 12. Bxf6 Bxf6 13. e5 Bg7 14. Ne4 Rd8 15.
Nd6 Bf8 16. Nxc8 Rxc8 17. a3 Nd7 18. h4 Bg7 19. h5 Nf8 20. hxg6 hxg6 21. Rad1
Rd8 22. Bb1 Rd7 23. Rd3 Rad8 24. Rfd1 Qb5 25. Qc1 a5 26. bxa5 Qxa5 27. Qe3 Rd5
28. Nd2 b5 29. Ba2 R5d7 30. Ne4 Nh7 31. Nc5 Ra7 32. Qf3 Rc8 33. Qg4 Kh8 34. Rh3
f5 35. exf6 Bxf6 36. Qxg6 Bxd4 37. Bb1 Bxf2+ 38. Kxf2 Rf8+ 39. Kg1 Rff7 40.
Rxh7+ Rxh7 41. Qe8+ Kg7 42. Nxe6+ Kf6 43. Qg6+ Ke5 44. Qf5# 1-0